El libro de plata /

Salvato in:
Dettagli Bibliografici
Autore principale: Zacarías Castillo, Octavio (autor)
Natura: Libro
Lingua:spagnolo
Serie:(La Colección de Babel. Primera Epoca ; 8)
Soggetti:
Tags: Aggiungi Tag
Nessun Tag, puoi essere il primo ad aggiungerne!!

MARC

LEADER 00000nam^a2200000^a^4500
001 000188483
005 20250521000000.0
009 20260310102338.488
037 |a Acervo ITESO - Biblioteca 
041 |a ESP 
082 |a 863.  |b ZAC 
100 |a Zacarías Castillo, Octavio  |e (autor) 
245 1 3 |a El libro de plata /  |c O. Zacarías Castillo. 
264 |a Guadalajara, México :  |b Universidad de Guadalajara,  |c 1994 
300 |a 42 p. 
336 |a texto  |b txt  |2 rdacontenido 
337 |a sin mediación  |b n  |2 rdamedio 
338 |a volumen  |b nc  |2 rdasoporte 
440 4 |a (La Colección de Babel.  |p Primera Epoca ;  |v 8) 
649 |a XX 
650 |a Cuentos Jaliscienses 
650 |a Cuentos Mexicanos 
650 |a Literatura Jalisciense -  |y Siglo XX 
650 |a Literatura Mexicana -  |y Siglo XX 
772 0 # |a Revista Universidad de Guadalajara, separata 
910 |a Fondo General 
920 |a Impresos - Libros 
930 |a Colección General 
940 |a Literatura 
905 |a 101 
901 |a 0500130948  |b IT1  |c LIT  |u 20250521 
902 |a https://opac.biblio.iteso.mx/vufind/Record/000188483